Breviarium romanum ex decreto sacrosancti Concilii Tridentini restitutum S. Pii V Pont. Max. jussu editum, et Clementis VIII primùm, nunc dénuò Urbani PP. VIII auctoritate recognitum, et novis officiis ex indulto apostolico hoc usque concessis auctum

Detalles Bibliográficos
Formato: Libro
Lenguaje:Undetermined
Latin
Publicado: Antuerpiae : ex architypographia Plantiniana, 1757.
Materias:
Colección:Banco de datos
Acervo:Biblioteca Palafoxiana. Colección bibliográfica
Descripción Física:t. ; 4°
Tema general:Liturgia
Notas:Número de localización: t.1 (38473)
LEADER 00694nam a2200157Ia 4500
008 150723s9999 xx 000 0 und d
041 0 |a lat 
050 0 |a PAFX BV174 B7 
245 1 0 |a Breviarium romanum ex decreto sacrosancti Concilii Tridentini restitutum S. Pii V Pont. Max. jussu editum, et Clementis VIII primùm, nunc dénuò Urbani PP. VIII auctoritate recognitum, et novis officiis ex indulto apostolico hoc usque concessis auctum 
260 |a Antuerpiae : ex architypographia Plantiniana, 1757. 
300 |a t. ; 4° 
500 |a Número de localización: t.1 (38473) 
650 1 0 |a Liturgia 
942 |c PALALIB 
943 |g Biblioteca Palafoxiana. Colección bibliográfica 
999 |c 1065751  |d 1065751